AFL Coleman Medalists - Statistics

General Stats
  • This quiz has been taken 91 times
    24 since last reset
  • The average score is 23 of 36
Answer Stats
Year Club Total Goals Answer % Correct
2019 Greater Western Sydney Giants 67 Jeremy Cameron
95%
2008 Hawthorn Hawks 102 Lance Franklin
90%
2011 Hawthorn Hawks 71 Lance Franklin
90%
2014 Sydney Swans 67 Lance Franklin
90%
2017 Sydney Swans 69 Lance Franklin
90%
2020 Geelong Cats 42 Tom Hawkins
81%
2015 West Coast Eagles 75 Josh Kennedy
76%
2016 West Coast Eagles 80 Josh Kennedy
76%
2006 Carlton Blues 84 Brendan Fevola
71%
2009 Carlton Blues 86 Brendan Fevola
71%
2022 Carlton Blues 64 Charlie Curnow
71%
2023 Carlton Blues 78 Charlie Curnow
71%
2010 Richmond Tigers 78 Jack Riewoldt
71%
2012 Richmond Tigers 65 Jack Riewoldt
71%
2018 Richmond Tigers 65 Jack Riewoldt
71%
2021 Carlton Blues 58 Harry McKay
67%
2013 Hawthorn Hawks 68 Jarryd Roughead
67%
2025 Geelong Cats 83 Jeremy Cameron
67%
2024 Greater Western Sydney Giants 77 Jesse Hogan
67%
1991 St Kilda Saints 118 Tony Lockett
67%
1996 Sydney Swans 114 Tony Lockett
67%
1998 Sydney Swans 107 Tony Lockett
67%
1992 Hawthorn Hawks 139 Jason Dunstall
62%
2000 Essendon Bombers 94 Matthew Lloyd
62%
2001 Essendon Bombers 96 Matthew Lloyd
62%
2003 Essendon Bombers 89 Matthew Lloyd
62%
1993 Geelong Cats 124 Gary Ablett Sr
57%
1994 Geelong Cats 113 Gary Ablett Sr
57%
1995 Geelong Cats 118 Gary Ablett Sr
57%
2007 Brisbane Lions 77 Jonathan Brown
57%
2002 Melbourne Demons 75 David Neitz
43%
1997 Adelaide Crows 81 Tony Modra
43%
2004 St Kilda Saints 103 Fraser Gehrig
33%
2005 St Kilda Saints 74 Fraser Gehrig
33%
1990 North Melbourne Kangaroos 98 John Longmire
24%
1999 West Coast Eagles 88 Scott Cummings
19%
No matching quizzes found
Score Distribution
Percent of People with Each Score
Percentile by Number Answered
Your Score History
You have not taken this quiz since the last reset